000
00242nam a2200097Ia 4500
001
645151
005
20250826153618.0
008
250824s9999 xx 000 0 und d
245
0
_a
ABARTMA TOZU
_c
ŞERMİN YAŞAR
260
_b
TAZE KİTAP YAYINLARI
999
_c
645151
_d
645151